Worship space acoustics: 3 decades of design.

Guardat en:
Dades bibliogràfiques
Autor principal: Bradley, David T
Altres autors: Ryherd, Erica E, Ronsse, Lauren M
Format: Llibre
Idioma:anglès
Publicat: New York, USA Springer 2016
Edició:Primer edición
Matèries:
Etiquetes: Afegir etiqueta
Sense etiquetes, Sigues el primer a etiquetar aquest registre!

MARC

LEADER 00000cam a2200000 a 4500
001 UCC4686
003 CL-VaPUC
005 20211115130348.0
008 180817e20160000us |||||||||||||||||eng|d
999 |c 372114  |d 372112 
020 |a 9781493930968 
040 |c Pontificia Universidad Católica de Valparaíso 
082 0 4 |a 620.2 BRA 2016  |2 21 
100 0 |a Bradley, David T  |9 598881 
245 1 0 |a Worship space acoustics: 3 decades of design. 
250 |a Primer edición 
260 0 3 |a New York, USA  |b Springer  |c 2016 
300 |a 346 páginas 
583 |a last modification  |c 20180817 12:57:00  |k Rodrigo Vera 
650 0 |a Acústica   |9 265389 
650 0 |a Sonidos  |9 367259 
650 0 |a Iglesias  |9 352850 
650 0 |a Arquitectura religiosa  |9 266677 
700 0 |a Ryherd, Erica E  |9 598882 
700 0 |a Ronsse, Lauren M  |9 598883 
942 |c BK  |2 ddc 
945 |d 20180817 12:57:00  |a dcastane 
952 |0 0  |1 0  |2 ddc  |3 erd  |4 0  |6 620_200000000000000_BRA_2016  |7 0  |8 A  |9 489379  |a BIBARQ  |b BIBARQ  |i 5489032  |o 620.2 BRA 2016  |p 5489032  |r 2025-01-20  |t 1  |w 2019-11-24  |y BK  |z Catalogado en:20180817  |k ARQ